000 01087nam a22003497a 4500
001 000017259
003 CHAP
005 20220817041510.0
008 971013s1978 r 00010 d
010 _a16220
011 _a17192
035 _a21275
040 _cCHAP
090 _aFolleto 4943
100 0 0 _aGutiérrez Cotro, Antonio.
_951656
245 0 _aPrincipales plagas del chopo.
260 _a(Madrid) :
_bMinisterio de Agricultura,
_c1978.
300 _a18 p. :
_b: ilus.
490 _aMinisterio de Agricultura. Hojas divulgadoras
_v; 9-78
590 _aBATCH-UPD
_b10
_c20130110
_lUCH01
_h2155
590 _aBATCH-UPD
_b10
_c20130410
_lUCH01
_h1504
590 _aBATCH-UPD
_b10
_c20130914
_lUCH01
_h0929
590 _aCONVERSION
_b10
_c20130109
_lUCH01
_h1310
590 _aE11695DGD
_b10
_c20150515
_lUCH01
_h1400
590 _aE5765TAJ
_b05
_c20150508
_lUCH01
_h0919
650 1 4 _aChopo
_xPlagas.
_922873
700 0 _aEstirado Gómez, Fernando.
_938332
830 0 _aMinisterio de Agricultura. Hojas divulgadoras
_v; 9-78
901 _aBK
942 _cFOLL
942 _n0
999 _c16220
_d16220